Penetración culutal y nacionalismo: (El caso Mexicano) /

Salvato in:
Dettagli Bibliografici
Autore principale: Monsiváis, Carlos
Natura: testo
Soggetti:
Tags: Aggiungi Tag
Nessun Tag, puoi essere il primo ad aggiungerne!!

MARC

LEADER 00000 a a2200000 04500
001 48918
003
040
100 |a Monsiváis, Carlos  
245 |a Penetración culutal y nacionalismo:   |b (El caso Mexicano) /  |c Carlos Mansiváis  
650 |a ACULTURACION MEDIOS DE COMUNICACION  
650 |2 Macrothesaurus de la OCDE  
650 |a IDEOLOGIAS  
650 |2 Macrothesaurus de la OCDE/CAPITALISMO  
650 |2 Macrothesaurus de la OCDE  
650 |a MEXICANOS  
650 |2 Macrothesaurus de la OCDE/  
773 |g páginas 75-89  
999 |c 34551  |d 34551